Statistics for Best Selling Games on Nintendo Consoles

Click here to take the quiz!

General Stats

  • This quiz has been taken 111 times
    (82 since last reset)
  • The average score is 9 of 11

Answer Stats

ConsoleGame% Correct
NESSuper Mario Bros.
98%
WiiWii Sports
94%
N64Super Mario 64
92%
WiiUMario Kart 8
90%
SwitchMario Kart 8 Deluxe
90%
SNESSuper Mario World
86%
DSNew Super Mario Bros.
68%
GameCubeSuper Smash Bros. Melee
66%
3DSMario Kart 7
64%
GameboyTetris
62%
Gameboy AdvancePokémon Ruby/Sapphire
42%

Score Distribution

Percentile by Number Answered

Percent of People with Each Score

Your Score History

You have not taken this quiz since the last reset